000 00497nam a2200181Ia 4500
999 _c29628
_d29628
003 OSt
005 20201228143523.0
008 190216s9999||||xx |||||||||||||| ||und||
020 _a9788126405145
040 _coclc
082 _a894.8121
_bKUR/K
100 _aKurup, O N V
_97466
245 0 _aKshanikam, Pakshe /
_cO N V Kurup
260 _bDc Books,
_aKottayam:
_c2002.
300 _a92p
650 _aKavithkal
942 _cBK
_2ddc
_h894.8121
_iKUR/K
_k894.8121
_mKUR/K